zpět

Detail výsledku týmu

Trojka, Brno

Datum a čas kvízu

32.5 Celkem bodů Celkový počet nahraných bodů na tomto kvízu bez doplňovacích otázek.
4. Pořadí na kvízu Konečné umístění týmu na tomto kvízu.

Zaznamenané odpovědi

# Otázka Odpověď Body Výsledky
1. Společnost Czech News Center,... Oldřich Kaiser 0
2. Larry, kocour s oficiální hodn... C) lišku 0
3. Partner Hospodského kvízu, poř... Zora Jandová 0
4. Elon Musk nepřestává udivovat... parfém 0
5. V pondělí skončil v české nejv... Pavel Vrba, Baník Ostrava 0.5
6. Lebka člověka se skládá z 22 k... kost temenní 1
7. Jak se jmenuje v Los Angeles n... Shia LaBeouf 1
8. Na fotografii vidíte lebku: A)... C) člověka vzpřímeného 1
9. Jak se nazývá firma, která vyr... Skullcandy 1
10. Která hudební skupina stojí za... Vypsaná Fixa 1